Statistics for Countries With the Most Pigs

Click here to take the quiz!

General Stats

  • This quiz has been taken 32 times
  • The average score is 8 of 10

Answer Stats

# (In Millions)Country% Correct
452.56China
100%
74.4United States
100%
12.25Mexico
97%
34.25Brazil
94%
27.1Russia
94%
4.65United Kingdom
94%
13.93Canada
84%
8.92Japan
81%
11.12South Korea
58%
5.14Ukraine
45%

Score Distribution

Percentile by Number Answered

Percent of People with Each Score

Your Score History

You have not taken this quiz